Tarninowe miasta w Polsce - Statystyki

Ogólne statystyki
  • Ten quiz został rozwiązany 69 razy
  • Średni wynik to 4 z 5
Statystyki odpowiedzi
Województwo Populacja Miasto % Poprawnych
Małopolskie 103 515 Tarnów
100%
Podkarpackie 44 012 Tarnobrzeg
93%
Śląskie 61 389 Tarnowskie Góry
88%
Małopolskie 11 507 Dąbrowa Tarnowska
46%
Lubelskie 3150 Tarnogród
40%
Nie znaleziono quizów pasujących do podanych kryteriów
Rozkład punktacji
Procent ludzi z każdym wynikiem
Percentyl według liczby udzielonych odpowiedzi
Twoja historia wyników
Nie rozwiązałeś tego quizu